[Event "Espalion Op"]
[Site "Espalion (12)"]
[Date "2018.07.19"]
[Round "7.24"]
[White "Garde, Gilles"]
[Black "Boulier, Rene"]
[Result "0-1"]
[WhiteElo "1384"]
[BlackElo "1590"]
[PlyCount "126"]
[EventDate "2018.07.??"]
[EventType "swiss"]
[EventRounds "9"]
[EventCountry "FRA"]

1. d3 d5 2. Nf3 Nf6 3. g3 Bg4 4. Bg2 e6 5. h3 Bxf3 6. Bxf3 Nbd7 7. Nd2 c6 8.
O-O Bd6 9. Bg2 Qb6 10. Kh1 Nh5 11. e3 g6 12. Nf3 Bxg3 13. fxg3 Nxg3+ 14. Kh2
Nxf1+ 15. Qxf1 O-O 16. b3 Qc5 17. Qe2 Rae8 18. Bb2 e5 19. Nd2 f5 20. Rc1 Qd6
21. Kg1 Rf7 22. Nf3 c5 23. Ng5 Rfe7 24. c4 dxc4 25. bxc4 Nf6 26. Rd1 Rd8 27.
Nf3 e4 28. Ne1 Nh5 29. d4 f4 30. exf4 Qxf4 31. Nc2 Qf5 32. Ne3 Nf4 33. Qg4 Qxg4
34. Nxg4 Ne2+ 35. Kf1 Nxd4 36. Nf6+ Kf8 37. Nxe4 b6 38. Rd2 Rf7+ 39. Nf2 Rf4
40. Bc1 Rd6 41. Rd3 Rf7 42. Bd5 Re7 43. Bg5 Red7 44. Bh6+ Ke8 45. Re3+ Re7 46.
Ne4 Rxd5 47. Nf6+ Kf7 48. Rxe7+ Kxe7 49. Nxd5+ Ke6 50. Kf2 Kf5 51. Bf4 g5 52.
Bb8 Nc6 53. Bd6 h5 54. Ne7+ Nxe7 55. Bxe7 g4 56. h4 Ke4 57. Kg3 Kd4 58. Bd6
Kxc4 59. Kf4 Kd5 60. Bb8 c4 61. Kg5 c3 62. Kxh5 c2 63. Bf4 g3 0-1

[Event "Espalion Op"]
[Site "Espalion (12)"]
[Date "2018.07.19"]
[Round "7.26"]
[White "Vandekerckhove, Stefaan"]
[Black "Dewilde, Rudi"]
[Result "1/2-1/2"]
[WhiteElo "1172"]
[BlackElo "1272"]
[PlyCount "30"]
[EventDate "2018.07.??"]
[EventType "swiss"]
[EventRounds "9"]
[EventCountry "FRA"]

1. d4 d5 2. Nf3 Nf6 3. e3 Nc6 4. Bd3 e6 5. Ne5 Nxe5 6. dxe5 Nd7 7. e4 Nxe5 8.
exd5 Qxd5 9. Be2 Qxg2 10. Rf1 Bd7 11. Bf4 Bd6 12. Qd4 Nf3+ 13. Bxf3 Qxf3 14.
Bxd6 cxd6 15. Qxg7 Qe4+ 1/2-1/2

[Event "Espalion Op"]
[Site "Espalion (12)"]
[Date "2018.07.19"]
[Round "7.27"]
[White "Sanchez, Corentin"]
[Black "Veschambre, Martin"]
[Result "0-1"]
[WhiteElo "1199"]
[BlackElo "1541"]
[PlyCount "94"]
[EventDate "2018.07.??"]
[EventType "swiss"]
[EventRounds "9"]
[EventCountry "FRA"]

1. e4 d5 2. exd5 Qxd5 3. Nc3 Qd6 4. Nf3 Nf6 5. Bc4 Bg4 6. O-O Nbd7 7. Nb5 Qc6
8. Na3 e6 9. d3 Bxf3 10. gxf3 Bxa3 11. bxa3 Ne5 12. Kg2 Nxc4 13. dxc4 Qxc4 14.
Rb1 Rd8 15. Qe1 b6 16. Rb4 Qxc2 17. Rb2 Qc6 18. Bg5 Rd5 19. Bh4 Rf5 20. Rb3 O-O
21. Qd1 g5 22. Bg3 Nh5 23. Re1 Nxg3 24. hxg3 Rd5 25. Qe2 Rfd8 26. Rbb1 Qd6 27.
a4 c5 28. Rbc1 Qd7 29. Rh1 Qxa4 30. Ra1 Qd4 31. Rad1 Qxd1 32. Rxd1 Rxd1 33. Qa6
R1d7 34. Qb5 Rd4 35. Qe2 c4 36. Qc2 b5 37. a3 a5 38. Kh3 b4 39. axb4 axb4 40.
f4 gxf4 41. gxf4 b3 42. Qc3 Rd3+ 43. Qxd3 Rxd3+ 44. Kg4 b2 45. f5 b1=Q 46. fxe6
Qg1+ 47. Kh5 Rh3# 0-1

[Event "Espalion Op"]
[Site "Espalion (12)"]
[Date "2018.07.19"]
[Round "7.28"]
[White "Bessiere, Alain"]
[Black "Callebaut, Katia"]
[Result "1-0"]
[WhiteElo "1330"]
[BlackElo "1253"]
[PlyCount "57"]
[EventDate "2018.07.??"]
[EventType "swiss"]
[EventRounds "9"]
[EventCountry "FRA"]

1. b4 e5 2. b5 d5 3. Bb2 d4 4. e3 c5 5. bxc6 Nxc6 6. Bb5 Bc5 7. Ne2 Nge7 8. O-O
O-O 9. c3 d3 10. Bxd3 Qxd3 11. Nc1 Qg6 12. Ne2 Bh3 13. Ng3 Nf5 14. d4 Nxg3 15.
hxg3 Bxg2 16. Kxg2 exd4 17. cxd4 Rad8 18. Qf3 Be7 19. Rh1 Rd5 20. Qxd5 Rd8 21.
Qf3 h6 22. Nd2 Qc2 23. Nc4 Qxc4 24. Rxh6 Qc2 25. Rah1 gxh6 26. Qg4+ Bg5 27.
Rxh6 Rd5 28. Qc8+ Kg7 29. Qh8# 1-0

[Event "Espalion Op"]
[Site "Espalion (12)"]
[Date "2018.07.20"]
[Round "8.1"]
[White "Peter, Sebastien"]
[Black "Gozzoli, Yannick"]
[Result "0-1"]
[WhiteElo "2229"]
[BlackElo "2587"]
[PlyCount "100"]
[EventDate "2018.07.??"]
[EventType "swiss"]
[EventRounds "9"]
[EventCountry "FRA"]

1. e4 c5 2. Nf3 e6 3. d4 cxd4 4. Nxd4 Nc6 5. Nb5 d6 6. c4 a6 7. N5c3 g6 8. Bf4
Nf6 9. Be2 e5 10. Bg5 Be6 11. Nd5 Bxd5 12. exd5 Nd4 13. Qa4+ Qd7 14. Bd1 Ne4
15. Qxd7+ Kxd7 16. Be3 Bg7 17. Nc3 Nc5 18. Na4 Nxa4 19. Bxa4+ b5 20. Bxd4 bxa4
21. Be3 Rab8 22. b3 axb3 23. axb3 Rxb3 24. O-O Ra8 25. Rfb1 Rxb1+ 26. Rxb1 Rc8
27. Ra1 Rxc4 28. Rxa6 Bf6 29. g3 Bd8 30. Ra7+ Rc7 31. Ra8 Rb7 32. h4 h5 33. Ra1
Rb5 34. Ra7+ Bc7 35. Bg5 Kc8 36. Ra8+ Bb8 37. Be3 Rxd5 38. Ra4 Rb5 39. g4 hxg4
40. Rxg4 Bc7 41. h5 gxh5 42. Rg5 Bb6 43. Rg8+ Kc7 44. Rf8 Bxe3 45. Rxf7+ Kc6
46. fxe3 Kd5 47. Rf6 Rb6 48. Rh6 Ke4 49. Kf2 Rb2+ 50. Kf1 Rd2 0-1

[Event "Espalion Op"]
[Site "Espalion (12)"]
[Date "2018.07.20"]
[Round "8.2"]
[White "Flear, Glenn C"]
[Black "Kurayan, Ruslan"]
[Result "1/2-1/2"]
[WhiteElo "2451"]
[BlackElo "2366"]
[PlyCount "46"]
[EventDate "2018.07.??"]
[EventType "swiss"]
[EventRounds "9"]
[EventCountry "FRA"]

1. d4 Nf6 2. c4 g6 3. Nc3 Bg7 4. e4 d6 5. Be2 O-O 6. Bg5 h6 7. Be3 c5 8. dxc5
Qa5 9. Bd2 Qxc5 10. Nf3 Nc6 11. O-O Bg4 12. Be3 Qa5 13. Rc1 Rfc8 14. b3 a6 15.
Qd2 b5 16. Bxh6 bxc4 17. Bxg7 Kxg7 18. Rfd1 cxb3 19. axb3 Qb4 20. Nd5 Qxd2 21.
Rxd2 Nxd5 22. Rxd5 Be6 23. Rd3 Nd4 1/2-1/2

[Event "Espalion Op"]
[Site "Espalion (12)"]
[Date "2018.07.20"]
[Round "8.3"]
[White "Stets, Dmitry"]
[Black "Carton, Patrick"]
[Result "1-0"]
[WhiteElo "2383"]
[BlackElo "2189"]
[PlyCount "48"]
[EventDate "2018.07.??"]
[EventType "swiss"]
[EventRounds "9"]
[EventCountry "FRA"]

1. e4 c5 2. Nc3 d6 3. Nf3 a6 4. d4 cxd4 5. Nxd4 Nf6 6. Be3 Nc6 7. f3 e6 8. g4
h6 9. Qd2 d5 10. O-O-O dxe4 11. Qf2 Bd7 12. Nxc6 bxc6 13. Nxe4 Nxe4 14. fxe4
Be7 15. Bc4 Bg5 16. h4 Bxe3+ 17. Qxe3 Qe7 18. g5 c5 19. Qg3 Bb5 20. Bxb5+ axb5
21. gxh6 g6 22. h5 g5 23. Qd3 O-O 24. Kb1 c4 $138 1-0

[Event "Espalion Op"]
[Site "Espalion (12)"]
[Date "2018.07.20"]
[Round "8.4"]
[White "Kosten, Anthony C"]
[Black "Menard, Baptiste"]
[Result "1-0"]
[WhiteElo "2439"]
[BlackElo "2184"]
[PlyCount "95"]
[EventDate "2018.07.??"]
[EventType "swiss"]
[EventRounds "9"]
[EventCountry "FRA"]

1. c4 e5 2. Nc3 d6 3. g3 f5 4. d4 e4 5. f3 exf3 6. exf3 Nf6 7. Bg2 Be7 8. Nge2
c6 9. O-O O-O 10. d5 Qb6+ 11. Nd4 Na6 12. Re1 Re8 13. b3 Nc7 14. f4 Bd7 15. Bb2
cxd5 16. cxd5 Ng4 17. Qd2 Bf6 18. Na4 Bxa4 19. bxa4 Na6 20. a5 Qb4 21. Bc3 Qc5
22. h3 Ne5 23. Kh2 Nc4 24. Qd3 Nb4 25. Bxb4 Qxb4 26. Rxe8+ Rxe8 27. Rb1 Qd2 28.
Qxd2 Nxd2 29. Rb4 g6 30. g4 Bxd4 31. Rxd4 Re2 32. Kg3 Ne4+ 33. Bxe4 fxe4 34. a4
Re3+ 35. Kh4 Rd3 36. Rxe4 Rxd5 37. a6 bxa6 38. Re8+ Kf7 39. Ra8 Ra5 40. Rxa7+
Kg8 41. Rd7 Rxa4 42. Kg5 a5 43. h4 Rd4 44. f5 gxf5 45. Kf6 h6 46. g5 hxg5 47.
hxg5 Rg4 48. g6 1-0

[Event "Espalion Op"]
[Site "Espalion (12)"]
[Date "2018.07.20"]
[Round "8.5"]
[White "Lanzani, Mario"]
[Black "Duffau, Pascal"]
[Result "1/2-1/2"]
[WhiteElo "2280"]
[BlackElo "1952"]
[PlyCount "112"]
[EventDate "2018.07.??"]
[EventType "swiss"]
[EventRounds "9"]
[EventCountry "FRA"]

1. c4 e6 2. Nf3 Nf6 3. Nc3 d5 4. d4 Nbd7 5. cxd5 exd5 6. Bg5 Be7 7. e3 c6 8.
Bd3 O-O 9. Qc2 Re8 10. O-O Nf8 11. h3 g6 12. Bxf6 Bxf6 13. b4 Ne6 14. Rac1 a6
15. Na4 Ng7 16. Nc5 Qe7 17. a4 Bf5 18. Qc3 Bxd3 19. Nxd3 Nf5 20. b5 axb5 21.
axb5 Ra3 22. Qd2 Rc8 23. Rfd1 Rb3 24. bxc6 bxc6 25. Rb1 Rcb8 26. Rxb3 Rxb3 27.
Rc1 Qd6 28. Qc2 Rb6 29. Qa4 Ne7 30. g3 h5 31. h4 Kg7 32. Kg2 Rb8 33. Qa7 Rc8
34. Rb1 Qd8 35. Rb7 Ra8 36. Qc5 Ra5 37. Qb4 Ra8 38. Nfe5 Rc8 39. Qc5 Kf8 40.
Nd7+ Kg7 41. Nxf6 Kxf6 42. Ne5 Rc7 43. Qb6 Rc8 44. Qa7 Ra8 45. Qc5 Ra5 46. Qb4
Rb5 47. Rxb5 cxb5 48. Qxb5 Qc8 49. Qb6+ Qe6 50. Qd8 Kg7 51. Nd7 Qe4+ 52. Kh2
Qf5 53. Kg1 Qb1+ 54. Kg2 Qe4+ 55. f3 Qc2+ 56. Kh3 Qf5+ 1/2-1/2

[Event "Espalion Op"]
[Site "Espalion (12)"]
[Date "2018.07.20"]
[Round "8.6"]
[White "Gerard, Nicolas"]
[Black "Lagunes, Robin"]
[Result "1-0"]
[WhiteElo "2183"]
[BlackElo "1857"]
[PlyCount "49"]
[EventDate "2018.07.??"]
[EventType "swiss"]
[EventRounds "9"]
[EventCountry "FRA"]

1. d4 Nf6 2. c4 c6 3. Nf3 d5 4. e3 Bf5 5. cxd5 cxd5 6. Nc3 e6 7. Ne5 Nbd7 8. g4
Be4 9. f3 Bg6 10. h4 h6 11. Nxg6 fxg6 12. Bd3 Bd6 13. Bxg6+ Ke7 14. Qd3 Bg3+
15. Ke2 Rc8 16. Bd2 a6 17. e4 Qb6 18. g5 Nh7 19. Bxh7 Rxh7 20. exd5 Rhh8 21. f4
hxg5 22. Qxg3 Qxd4 23. Qd3 Qb4 24. dxe6 Nc5 25. Nd5+ 1-0

[Event "Espalion Op"]
[Site "Espalion (12)"]
[Date "2018.07.20"]
[Round "8.7"]
[White "Baroyan, Davit"]
[Black "Larcheveque, Francois"]
[Result "1/2-1/2"]
[WhiteElo "2049"]
[BlackElo "1980"]
[PlyCount "85"]
[EventDate "2018.07.??"]
[EventType "swiss"]
[EventRounds "9"]
[EventCountry "FRA"]

1. d4 d5 2. Nf3 Nf6 3. c4 e6 4. g3 dxc4 5. Bg2 a6 6. Ne5 c5 7. e3 cxd4 8. exd4
Be7 9. O-O O-O 10. Nc3 Nbd7 11. Nxc4 Nb6 12. Qb3 Nxc4 13. Qxc4 b5 14. Qb3 Bd7
15. Bf4 Rc8 16. Rfe1 b4 17. Ne4 Nxe4 18. Bxe4 Bb5 19. Rad1 Qa5 20. Qf3 Bf6 21.
h4 Rfd8 22. Bg5 Bxg5 23. hxg5 Bc4 24. b3 Bd5 25. Qh5 Bxe4 26. Rxe4 Qf5 27. Rf4
Qg6 28. Qxg6 hxg6 29. d5 exd5 30. Rxb4 Rc2 31. Ra4 d4 32. Raxd4 Rxd4 33. Rxd4
Rxa2 34. Rd8+ Kh7 35. Rd7 Rb2 36. Rb7 a5 37. Rb5 Kg8 38. f4 Kf8 39. g4 Ra2 40.
f5 gxf5 41. gxf5 a4 42. bxa4 Rxa4 43. Rb8+ 1/2-1/2

[Event "Espalion Op"]
[Site "Espalion (12)"]
[Date "2018.07.20"]
[Round "8.8"]
[White "Pass, Deborah J"]
[Black "Verat-Fayolle, Celian"]
[Result "1/2-1/2"]
[WhiteElo "1951"]
[BlackElo "1759"]
[PlyCount "79"]
[EventDate "2018.07.??"]
[EventType "swiss"]
[EventRounds "9"]
[EventCountry "FRA"]

1. e4 e5 2. Nf3 Nc6 3. Bc4 Be7 4. d4 exd4 5. Nxd4 Nf6 6. Nxc6 bxc6 7. e5 Ne4 8.
O-O O-O 9. Nd2 Nxd2 10. Bxd2 d5 11. exd6 cxd6 12. Re1 d5 13. Bd3 Bf6 14. c3 Qb6
15. Qc2 g6 16. Bh6 Rd8 17. Qe2 Be6 18. Qf3 Bg7 19. Bxg7 Kxg7 20. Re2 c5 21.
Rae1 c4 22. Bc2 d4 23. cxd4 Qxd4 24. h3 Rab8 25. b3 cxb3 26. Bxb3 Bxb3 27. axb3
Qd5 28. Qc3+ Qd4 29. Qc7 Rdc8 30. Qg3 Rb7 31. Re4 Qd5 32. R1e3 Rcb8 33. Re5
Qd1+ 34. Kh2 Rxb3 35. Re7 Rxe3 36. fxe3 Rd8 37. Qe5+ Kg8 38. Re8+ Rxe8 39.
Qxe8+ Kg7 40. Qe5+ 1/2-1/2

[Event "Espalion Op"]
[Site "Espalion (12)"]
[Date "2018.07.20"]
[Round "8.9"]
[White "Veschambre, Antoine"]
[Black "Flear, Christine"]
[Result "0-1"]
[WhiteElo "1730"]
[BlackElo "2083"]
[PlyCount "46"]
[EventDate "2018.07.??"]
[EventType "swiss"]
[EventRounds "9"]
[EventCountry "FRA"]

1. e4 c5 2. c3 Nf6 3. e5 Nd5 4. Bc4 Nb6 5. Bb3 c4 6. Bc2 Nc6 7. Nf3 Qc7 8. Qe2
g5 9. a4 g4 10. Nd4 Qxe5 11. Nxc6 Qxe2+ 12. Kxe2 dxc6 13. a5 Nd5 14. g3 Be6 15.
Na3 Nc7 16. d4 cxd3+ 17. Bxd3 Bd5 18. Re1 Bf3+ 19. Kf1 O-O-O 20. Bc4 f6 21. Be3
Kb8 22. Nc2 e5 23. b4 Nd5 0-1

[Event "Espalion Op"]
[Site "Espalion (12)"]
[Date "2018.07.20"]
[Round "8.10"]
[White "Charlier, Antoine"]
[Black "Grichkevitch, Gilles"]
[Result "0-1"]
[WhiteElo "1259"]
[BlackElo "1964"]
[PlyCount "70"]
[EventDate "2018.07.??"]
[EventType "swiss"]
[EventRounds "9"]
[EventCountry "FRA"]

1. d4 Nf6 2. Nf3 g6 3. c4 Bg7 4. Nc3 d6 5. Bf4 O-O 6. e3 Nh5 7. Bg3 Nc6 8. a3
a5 9. Qc2 Bd7 10. Bd3 Re8 11. O-O-O a4 12. Nxa4 Nxd4 13. exd4 Bxa4 14. b3 Bd7
15. Qa2 c6 16. Rhe1 Nxg3 17. hxg3 Qa5 18. Kb2 c5 19. Be4 Ra7 20. Rd3 Bg4 21.
Bd5 Bxf3 22. Rxf3 Qxe1 23. Bxf7+ Kh8 24. Bxe8 Qd2+ 25. Kb1 Qd1+ 26. Kb2 Bxd4+
27. Rc3 Qd2+ 28. Kb1 Qxc3 29. Ba4 Qe1+ 30. Kc2 Qxf2+ 31. Kd3 Qxa2 32. Ke4 e6
33. Kf4 Qf2+ 34. Kg5 Qf5+ 35. Kh4 Qh5# 0-1

[Event "Espalion Op"]
[Site "Espalion (12)"]
[Date "2018.07.20"]
[Round "8.11"]
[White "Pascot, Jean"]
[Black "Lagunes, Jean-Renaud"]
[Result "1-0"]
[WhiteElo "1796"]
[BlackElo "1943"]
[PlyCount "72"]
[EventDate "2018.07.??"]
[EventType "swiss"]
[EventRounds "9"]
[EventCountry "FRA"]

1. e4 d6 2. d4 Nf6 3. f3 g6 4. Be3 c6 5. a4 Qc7 6. Nc3 b6 7. Bd3 a6 8. Nge2
Nbd7 9. O-O Bb7 10. Qd2 e5 11. dxe5 Nxe5 12. Bg5 Bg7 13. f4 Nxd3 14. cxd3 O-O-O
15. Rfc1 c5 16. b4 Kb8 17. a5 bxa5 18. b5 axb5 19. Nxb5 Qb6 20. Rcb1 Rd7 21.
Na7 Qc7 22. Nc3 c4 23. d4 Nxe4 24. Nxe4 Kxa7 25. Rxa5+ Kb8 26. Rab5 Qc6 27. d5
Qa6 28. Ra5 c3 29. Rxa6 cxd2 30. Nxd2 Bd4+ 31. Kf1 Rc8 32. Ra4 Ba7 33. Ne4 Ka8
34. Raa1 Bxd5 35. Nf6 Bc6 36. Nxd7 Bxd7 1-0

[Event "Espalion Op"]
[Site "Espalion (12)"]
[Date "2018.07.20"]
[Round "8.12"]
[White "Tholey, Jean-Paul"]
[Black "Labarthe, Arnaud"]
[Result "1/2-1/2"]
[WhiteElo "1815"]
[BlackElo "1632"]
[PlyCount "119"]
[EventDate "2018.07.??"]
[EventType "swiss"]
[EventRounds "9"]
[EventCountry "FRA"]

1. d4 Nf6 2. Nf3 b6 3. c4 Bb7 4. Nc3 d5 5. e3 e6 6. a3 Nbd7 7. Bd3 a6 8. b4 Ne4
9. Qc2 f5 10. Bb2 Be7 11. Rc1 O-O 12. cxd5 exd5 13. Ne2 Bd6 14. Nf4 Bxf4 15.
exf4 Qe7 16. O-O Rac8 17. Qe2 Qd6 18. Ne5 b5 19. Rc2 g6 20. Rfc1 Nb6 21. Re1
Rfe8 22. f3 Nf6 23. Qf2 Nc4 24. Bc1 c6 25. Bf1 a5 26. Nd3 Rxe1 27. Qxe1 Re8 28.
Re2 Rxe2 29. Qxe2 Bc8 30. Nc5 axb4 31. axb4 Kf7 32. Qa2 Qe7 33. Kf2 Nd7 34. Qa8
Nxc5 35. dxc5 Bb7 36. Qh8 Ke6 37. g3 Kd7 38. Qb8 Ke6 39. Qg8+ Kd7 40. h4 Kc7
41. Bd3 Bc8 42. Qh8 Be6 43. Qa1 Kb7 44. Bxc4 dxc4 45. Bb2 Qd7 46. Bd4 Qd5 47.
Ke3 c3 48. Qxc3 Qb3 49. Qxb3 Bxb3 50. Bf6 Kc7 51. Kd4 Kd7 52. Ke5 Bd5 53. Bg5
Bxf3 54. Kf6 Bh5 55. Kg7 Ke6 56. Kxh7 Kd5 57. Bd8 Ke4 58. Kh6 Kf3 59. Kg5 Kxg3
60. Bc7 1/2-1/2

[Event "Espalion Op"]
[Site "Espalion (12)"]
[Date "2018.07.20"]
[Round "8.13"]
[White "Flaujac, Benoit"]
[Black "Martinez, Felicien"]
[Result "1/2-1/2"]
[WhiteElo "1902"]
[BlackElo "1766"]
[PlyCount "81"]
[EventDate "2018.07.??"]
[EventType "swiss"]
[EventRounds "9"]
[EventCountry "FRA"]

1. e4 Nf6 2. e5 Nd5 3. c4 Nb6 4. d4 d6 5. exd6 cxd6 6. Nc3 g6 7. Be3 Bg7 8. Rc1
O-O 9. Nf3 Bg4 10. b3 Nc6 11. Be2 Nd7 12. O-O Qa5 13. h3 Bxf3 14. Bxf3 Rad8 15.
Qd2 a6 16. Rfd1 e5 17. Bxc6 bxc6 18. Bh6 f5 19. Bxg7 Kxg7 20. Qg5 Nf6 21. dxe5
dxe5 22. Qe3 e4 23. Na4 Kg8 24. Qc5 Qc7 25. Rd4 Nd7 26. Qe7 Rfe8 27. Qg5 Ne5
28. Rcd1 Nd3 29. Rxd8 Rxd8 30. Nc5 Rd6 31. Nxd3 exd3 32. Rd2 Re6 33. Qg3 Re1+
34. Kh2 Qxg3+ 35. Kxg3 Re2 36. Rxd3 Rxa2 37. Rd7 Rb2 38. Rb7 a5 39. f3 a4 40.
Rc7 axb3 41. Rxc6 1/2-1/2

[Event "Espalion Op"]
[Site "Espalion (12)"]
[Date "2018.07.20"]
[Round "8.14"]
[White "Martinez, Philippe"]
[Black "Gaubert, Cedric"]
[Result "0-1"]
[WhiteElo "1506"]
[BlackElo "1797"]
[PlyCount "102"]
[EventDate "2018.07.??"]
[EventType "swiss"]
[EventRounds "9"]
[EventCountry "FRA"]

1. e4 c5 2. Nf3 e6 3. c4 Nc6 4. Nc3 a6 5. g3 Nge7 6. Bg2 g6 7. O-O Bg7 8. d3
O-O 9. Bg5 h6 10. Bf4 d6 11. Qd2 Kh7 12. Rfe1 e5 13. Be3 Nd4 14. Bxd4 cxd4 15.
Nd5 Nxd5 16. cxd5 f5 17. Rf1 f4 18. Rac1 g5 19. Rfd1 g4 20. Ne1 f3 21. Bf1 b5
22. Qb4 Rf7 23. Rc6 Bf8 24. Rdc1 Bb7 25. R6c2 Qd7 26. Qa5 Rc8 27. Rxc8 Bxc8 28.
b3 Kg6 29. a4 bxa4 30. Qxa4 Qxa4 31. bxa4 Bd7 32. Rc4 Be7 33. Nc2 Bg5 34. Na3
Bd2 35. Nb1 Ba5 36. Na3 Rf8 37. Rc1 Bxa4 38. Nc4 Bb4 39. Nb6 Bb5 40. Nc8 Bc5
41. Ne7+ Kf6 42. Nf5 h5 43. h3 gxh3 44. Kh2 a5 45. Rb1 Bd7 46. Bxh3 a4 47. Nxd6
Bxh3 48. Nb7 Rb8 49. Kxh3 a3 50. Nxc5 Rxb1 51. d6 a2 0-1

[Event "Espalion Op"]
[Site "Espalion (12)"]
[Date "2018.07.20"]
[Round "8.15"]
[White "Joli, Laurent"]
[Black "Griggio, Jean-Paul"]
[Result "1/2-1/2"]
[WhiteElo "1793"]
[BlackElo "1752"]
[PlyCount "142"]
[EventDate "2018.07.??"]
[EventType "swiss"]
[EventRounds "9"]
[EventCountry "FRA"]

1. e4 d6 2. c3 Nf6 3. d3 g6 4. Be2 Bg7 5. Nd2 c5 6. Ngf3 O-O 7. O-O Nc6 8. Rb1
a6 9. b4 b5 10. d4 c4 11. a4 Bb7 12. a5 Nb8 13. Qc2 Nh5 14. g3 Bc8 15. Re1 e5
16. dxe5 dxe5 17. Nh4 Nf6 18. Bf1 Nbd7 19. Bg2 Bb7 20. Nf1 Qc7 21. Be3 Rad8 22.
Rbd1 Ng4 23. Bd2 Qb8 24. h3 Ngf6 25. Be3 Qa8 26. f3 Qb8 27. Rd2 Rfe8 28. Red1
Bf8 29. g4 Be7 30. g5 Nh5 31. Rxd7 Nf4 32. Bxf4 exf4 33. Bh1 Bxg5 34. Ng2 Rxd7
35. Rxd7 Bc6 36. Rd1 Qc8 37. h4 Bh6 38. Nh2 Qc7 39. Qd2 Bg7 40. Ng4 f5 41. Nf2
fxe4 42. Nxe4 Bxe4 43. fxe4 f3 44. Nf4 Bh6 45. Qd5+ Kh8 46. Qd4+ Bg7 47. Qd7
Qb8 48. Bxf3 Bxc3 49. Qd6 Qxd6 50. Rxd6 Be5 51. Re6 Rxe6 52. Nxe6 Bc3 53. Nc5
Bxb4 54. Nxa6 Bxa5 55. Kf1 b4 56. Ke2 b3 57. e5 c3 58. Nc5 b2 59. Be4 Bd8 60.
Na4 Bxh4 61. Nxc3 Bg3 62. e6 Bd6 63. Na4 Kg7 64. Nxb2 Kf6 65. Bd5 h5 66. Nd3 g5
67. Kf2 g4 68. Kg2 Kg5 69. Ne5 Kf6 70. Nd3 Be7 71. Nf2 Kg5 1/2-1/2

[Event "Espalion Op"]
[Site "Espalion (12)"]
[Date "2018.07.20"]
[Round "8.16"]
[White "Hadamard, Olivier"]
[Black "Mourgues, Joelle"]
[Result "1-0"]
[WhiteElo "1776"]
[BlackElo "1580"]
[PlyCount "99"]
[EventDate "2018.07.??"]
[EventType "swiss"]
[EventRounds "9"]
[EventCountry "FRA"]

1. d4 Nf6 2. c4 e6 3. Nf3 d6 4. Nc3 Be7 5. e4 O-O 6. Bd3 h6 7. Bf4 Nh7 8. Qc2
Ng5 9. Nd2 f6 10. O-O-O Nc6 11. Be3 Nb4 12. Qb1 Nxd3+ 13. Qxd3 c5 14. d5 e5 15.
f3 f5 16. Rdf1 a6 17. a4 f4 18. Bf2 Bd7 19. g4 b5 20. axb5 axb5 21. cxb5 Nh3
22. Ndb1 Qb6 23. Na3 Nxf2 24. Rxf2 Qa5 25. Rff1 Qb4 26. Na2 Qa4 27. Nc3 Qb4 28.
Nc2 Qa5 29. Kd2 Qc7 30. Qc4 Rfb8 31. Ra1 Ra7 32. Rxa7 Qxa7 33. Ra1 Qb7 34. Na3
Bd8 35. Nc2 Bh4 36. Ra6 Be7 37. Na3 Bc8 38. Qa4 Bf8 39. Ra7 Qb6 40. Nc4 Qd8 41.
b6 Bb7 42. Nb5 Qh4 43. Nbxd6 Qf2+ 44. Kc1 Qe1+ 45. Qd1 Qb4 46. Ra4 Ra8 47. Rxb4
Ra1+ 48. Kc2 Rxd1 49. Kxd1 cxb4 50. Nxb7 1-0

[Event "Espalion Op"]
[Site "Espalion (12)"]
[Date "2018.07.20"]
[Round "8.17"]
[White "Boulier, Rene"]
[Black "Carno, Matthias"]
[Result "0-1"]
[WhiteElo "1590"]
[BlackElo "1783"]
[PlyCount "78"]
[EventDate "2018.07.??"]
[EventType "swiss"]
[EventRounds "9"]
[EventCountry "FRA"]

1. e4 e5 2. Nf3 Nc6 3. Bc4 Nf6 4. d4 Nxe4 5. dxe5 Bc5 6. O-O Qe7 7. Qd5 f5 8.
exf6 Nxf6 9. Qd1 Ne5 10. Nxe5 Qxe5 11. Re1 Ne4 12. Kf1 Bxf2 13. Rxe4 Qxe4 14.
Nd2 Qe7 15. Kxf2 Rf8+ 16. Kg1 b6 17. Qe2 Bb7 18. b3 d5 19. Bb5+ c6 20. Qxe7+
Kxe7 21. Be2 Kd6 22. Bb2 Rae8 23. Bd3 g6 24. Nf3 c5 25. Bg7 Rf7 26. Bh6 d4 27.
Rf1 Bd5 28. a4 Kc7 29. Bd2 Kb7 30. a5 Bc6 31. axb6 axb6 32. Ng5 Rfe7 33. Rf7 h6
34. Rxe7+ Rxe7 35. Nh3 g5 36. Nf2 b5 37. Kf1 Kb6 38. Be2 Bxg2+ 39. Ke1 Bf3 0-1

[Event "Espalion Op"]
[Site "Espalion (12)"]
[Date "2018.07.20"]
[Round "8.18"]
[White "Malart, Jacques"]
[Black "Baduel, Alain"]
[Result "1-0"]
[WhiteElo "1735"]
[BlackElo "1600"]
[PlyCount "95"]
[EventDate "2018.07.??"]
[EventType "swiss"]
[EventRounds "9"]
[EventCountry "FRA"]

1. e4 e5 2. Nf3 Nc6 3. c3 Nf6 4. d4 exd4 5. e5 Ne4 6. cxd4 Bb4+ 7. Bd2 Nxd2 8.
Nbxd2 d6 9. d5 Nxe5 10. Qa4+ Bd7 11. Qxb4 b6 12. Nxe5 dxe5 13. Bb5 a5 14. Qa4
f5 15. Bc6 Rb8 16. Bxd7+ Qxd7 17. Qxd7+ Kxd7 18. O-O-O b5 19. Nf3 Kd6 20. Rhe1
e4 21. Nd4 g6 22. Nc6 Ra8 23. f3 Rhe8 24. fxe4 Rxe4 25. Rxe4 fxe4 26. Nd4 Rb8
27. Rd2 b4 28. b3 h6 29. Ne6 c6 30. Nf4 g5 31. dxc6+ Kxc6 32. Ne2 Rf8 33. Ng3
e3 34. Re2 Rf2 35. Rxf2 exf2 36. Kd2 Kb5 37. Ke2 a4 38. Kxf2 axb3 39. axb3 Kc5
40. Ke3 Kd5 41. Ne4 Ke5 42. g4 Kd5 43. Nf6+ Ke5 44. Ne8 Ke6 45. Ke4 Kf7 46. Nc7
Kg6 47. Nd5 h5 48. h3 1-0

[Event "Espalion Op"]
[Site "Espalion (12)"]
[Date "2018.07.20"]
[Round "8.19"]
[White "Rabier, Jean"]
[Black "Deceuninck, Andre"]
[Result "1/2-1/2"]
[WhiteElo "1732"]
[BlackElo "1570"]
[PlyCount "48"]
[EventDate "2018.07.??"]
[EventType "swiss"]
[EventRounds "9"]
[EventCountry "FRA"]

1. e4 c5 2. Nf3 e6 3. d4 cxd4 4. Nxd4 a6 5. Bd3 Qc7 6. O-O Nf6 7. Nc3 Nc6 8.
Nb3 Be7 9. Be3 b5 10. f4 d6 11. Nd2 Bb7 12. a3 O-O 13. Qf3 Rac8 14. Qh3 g6 15.
Nf3 Nd7 16. f5 exf5 17. exf5 Nce5 18. fxg6 hxg6 19. Be4 Nf6 20. Ng5 Nh5 21. g4
Bxg5 22. Bxg5 Ng7 23. Bxb7 Qxb7 24. Rad1 Rc4 1/2-1/2

[Event "Espalion Op"]
[Site "Espalion (12)"]
[Date "2018.07.20"]
[Round "8.20"]
[White "Kosten-Forintos, Gyongyver"]
[Black "Marie, Olivier"]
[Result "1-0"]
[WhiteElo "1685"]
[BlackElo "1544"]
[PlyCount "95"]
[EventDate "2018.07.??"]
[EventType "swiss"]
[EventRounds "9"]
[EventCountry "FRA"]

1. d4 c5 2. d5 b5 3. e4 Ba6 4. c3 g6 5. Be3 Qc7 6. Qb3 Bg7 7. Nf3 Nf6 8. Qc2
Ng4 9. Bg5 h6 10. Bh4 d6 11. h3 Ne5 12. Nbd2 Nbd7 13. Nxe5 Bxe5 14. Nf3 Bg7 15.
Bg3 Qb6 16. Bd3 b4 17. Bxa6 Qxa6 18. cxb4 cxb4 19. Rc1 Nc5 20. Kd2 Qxa2 21. Ke2
Qxb2 22. e5 Qxc2+ 23. Rxc2 a5 24. exd6 Bc3 25. dxe7 Ne4 26. Be5 Bxe5 27. Nxe5
Nc3+ 28. Rxc3 bxc3 29. d6 a4 30. Kd3 Ra5 31. Ng4 Kd7 32. Nf6+ Kxd6 33. e8=Q
Rxe8 34. Nxe8+ Kd7 35. Nf6+ Ke6 36. Ne4 a3 37. Nxc3 a2 38. Ra1 f5 39. Rxa2 Rxa2
40. Nxa2 Ke5 41. g3 g5 42. Ke3 h5 43. h4 f4+ 44. gxf4+ gxf4+ 45. Kf3 Kf5 46.
Nc3 Ke5 47. Ne2 Kf5 48. Nxf4 1-0

[Event "Espalion Op"]
[Site "Espalion (12)"]
[Date "2018.07.20"]
[Round "8.21"]
[White "Callebaut, Giovanni"]
[Black "Garde, Guillaume"]
[Result "1-0"]
[WhiteElo "1616"]
[BlackElo "1405"]
[PlyCount "65"]
[EventDate "2018.07.??"]
[EventType "swiss"]
[EventRounds "9"]
[EventCountry "FRA"]

1. e4 e6 2. d4 d5 3. e5 c5 4. c3 Nc6 5. Nf3 Bd7 6. Bd3 Nge7 7. Bg5 cxd4 8. cxd4
Qb6 9. Nbd2 Nxd4 10. O-O Nxf3+ 11. Nxf3 Nc6 12. Re1 Be7 13. Qc2 Bxg5 14. Nxg5
h6 15. Nf3 Nb4 16. Qb3 Nxd3 17. Qxd3 O-O 18. Re3 Bc6 19. Nd4 Qxb2 20. Rae1 Qb6
21. Rg3 Kh8 22. Ree3 Qc5 23. Nb3 Qc4 24. Qd1 Ba4 25. Rg4 Bxb3 26. axb3 Qc5 27.
h3 Rac8 28. Kh2 Qc2 29. Qe1 Qc1 30. Qb4 b6 31. Reg3 Rg8 32. Qe7 Rc7 33. Qf6 1-0